000 00236nam a22001097a 4500
082 _a474
_bSAM/V-B
100 _aSAMPATH,C.K
245 _aVIKAS RANGBHIRANGI KAHANIYAM
260 _aMUMBAI
_bNAVNEET
650 _aSTORY
_zMUMBAI
942 _cBK
999 _c4679
_d4679